Affrontez l'Alphabet #18 - Statistiques

Statistiques générales
  • Ce quiz a été pris 61 fois
  • Le résultat moyen est 4 sur 11
Statistiques - réponses
Hint Réponse % Correct
Donne les 2 lettres manquantes dans le nom de l'émission TV présenté par Pascal Brunner (1994-2000) puis Cyril Hanouna (2010) : _ _ si la chanter
FA
100%
Donne les 2 lettres manquantes dans le nom de la commune française en photo : For_ac_
BH
55%
Donne les 2 lettres manquantes dans le nom de l'Homme dont voici un portrait de 1937 : Jean _ouli_
MN
50%
Donne les 2 lettres manquantes dans le nom de cette race de chien originaire d’Angleterre, de taille petite à moyenne : Le bea_ _e
GL
45%
Donne les 2 lettres manquantes dans le nom du sport fictif pratiqué dans cet extrait du film RRRrrrr!!! (2004) : Biche-v_lle_
OY
43%
Donne les 2 lettres manquantes dans le nom en français de ce cocktail inventé par l'écrivain américain Ernest Hemingway pendant la période de sa vie passée à La Havane à Cuba dans les Caraïbes, entre 1928 et 1960. C'est un cocktail avec 1/4 d'absinthe et 3/4 de champagne servi glacé : Mo_ _ dans l'après-midi
RT
25%
Donne les 2 lettres manquantes dans le nom du jeu de cartes pratiqué par deux joueurs avec deux jeux de 52 cartes, qui s'apparente à une patience jouée en concurrence. (Le but est de se défaire le premier de toutes ses cartes) : La _ra_ette
CP
23%
Donne les 2 lettres manquantes dans le nom de cette actrice et productrice britannique naturalisée américaine : Rachel Wei_ _
SZ
23%
Donne les 2 lettres manquantes dans le nom de la mère de Marge Simpson dans Les Simpsons en référence supposée au nom de jeune fille de la femme de John Fitzgerald Kennedy : Jacqueline Bou_ _ er
VI
23%
Donne les 2 lettres manquantes dans le nom de la chanson de Rage Against the Machine entendu à la fin du film Matrix (1999) : _ak_ Up
WE
20%
Dernière Question : Donne la lettre restante qui rapporte 2 points au scrabble français (parmi les lettres absentes dans les réponses précédentes)
D
15%
Aucun quiz correspondant
Distribution des résultats
% des personnes avec chaque résultat
Percentile par nombre de réponses
Votre historique - résultats
Vous n’avez pas pris ce quiz